Alter Ego Superbohaterów - Statystyki

Ogólne statystyki
  • Ten quiz został rozwiązany 8 563 razy
  • Średni wynik to 9 z 22
Statystyki odpowiedzi
Alter-Ego Superbohater % Poprawnych
Peter Parker Spider-Man
97%
Tony Stark Iron Man
93%
Bruce Wayne Batman
90%
Bruce Banner Hulk
78%
Steve Rogers Kapitan Ameryka
75%
Clark Kent Superman
70%
Diana Prince Wonder Woman
53%
Clint Barton Hawkeye
43%
Barry Allen The Flash
37%
Charles Xavier Professor X
33%
Wade Wilson Deadpool
30%
Matt Murdock Daredevil
29%
Dick Grayson Robin / Nightwing
26%
Reed Richards Mr. Fantastic
21%
Barbara Gordon Batgirl / Oracle
19%
Jean Grey Phoenix / Marvel Girl
18%
Hal Jordan Zielona Latarnia
18%
Billy Batson Captain Marvel / Shazam!
14%
Kara Danvers Supergirl
14%
James Howlett Wolverine
10%
Scott Summers Cyclops
9%
Ororo Munroe Storm
8%
Nie znaleziono quizów pasujących do podanych kryteriów
Rozkład punktacji
Procent ludzi z każdym wynikiem
Percentyl według liczby udzielonych odpowiedzi
Twoja historia wyników
Nie rozwiązałeś tego quizu